000 01125nmc a2200385 a 4500
003 AR-BaBNM
005 20251128204349.0
008 011101s1992 ||||||||||||||000 | spa||
020 _a950-737-057-7
040 _cAR-BaBNM
100 1 _aFerreiro, Emilia
245 1 0 _aHaceres, quehaceres y deshaceres con la lengua escrita en la escuela rural
250 _a2ª ed.
260 _aBuenos Aires
_bCoquena Grupo Editor
_c1992
300 _a72 p.
_bil.
490 0 _aLibros del Quirquincho
500 _aContiene notas
650 4 _aCUENTO [FORMA Y GENERO LITERARIO]
650 4 _aENSENANZA DE LA ESCRITURA
650 4 _aLECTURA
650 4 _aMETODOS DE ENSENANZA
650 4 _aREDACCION
650 4 _aNOTICIAS PERIODISTICAS
650 4 _aACTIVIDADES DE APRENDIZAJE
650 4 _aPUBLICIDAD
650 4 _aMATERIAL DIDACTICO
653 _aCONSTRUCTIVISMO
653 _aLECTOESCRITURA
700 1 _aPellicer, Alejandra
_ecolaborador
700 1 _aRodríguez, Beatriz
_ecolaborador
700 1 _aSilva, Alicia
_ecolaborador
700 1 _aVernon, Sofía
_ecolaborador
942 _cBK
998 _cGrace
999 _c7167
_d7167